000 00667nam a2200241Ia 4500
003 OSt
005 20220926013949.0
006 a|||||r|||| 00| 0
007 ta
008 220923b |||||||| |||| 00| 0 eng d
020 _a0471024376
037 _cGeneral Book
040 _aRTL
_cRTL
_beng
041 _2eng
_aeng
082 _aNB,7,691:3, L8
100 _aJewell Don
_9319379
245 0 _aPublic assembly facilities
_b Planning and manageme
260 _aNew York
_bJohn Wiley USA
_c1978
300 _ax,195p.
_ccm.
650 _aFine Arts
_934717
942 _hNB,7,691:3, L8
_cGB
_2CC
999 _c627311
_d627311